[Event "DVM U12 2018"]
[Site "Magdeburg GER"]
[Date "2018.12.27"]
[Round "2"]
[White "Funk, Benno"]
[Black "Lerchl, Justus"]
[Result "0-1"]
[Termination "normal"]
[Board "6.4"]
[WhiteElo "1145"]
[BlackElo "1500"]
[WhiteTeam "SG 1882 Fürth"]
[BlackTeam "SC Vaterstetten"]
[PlyCount "110"]
[WhiteFideId "16275144"]
[BlackFideId "16240677"]
[EventCountry "GER"]
[EventRounds "7"]
[EventType "team-swiss"]
[EventDate "2018.12.26"]

1. c4 c5 2. Nc3 Nc6 3. g3 g6 4. Bg2 Bg7 5. Nf3 Nf6 6. d3 d6 7. O-O O-O 8. Bg5
a6 9. a3 b5 10. cxb5 axb5 11. Nxb5 Rb8 12. a4 Ba6 13. Nd2 Bxb5 14. axb5 Nd4 15.
e3 Nxb5 16. Qe2 Nc7 17. Nf3 Qd7 18. Rab1 Rb4 19. Rfd1 Rfb8 20. d4 Nfd5 21. dxc5
Nc3 22. bxc3 Rxb1 23. Bf1 Rxd1 24. Qxd1 Ne6 25. Bf4 Nxf4 26. exf4 Bxc3 27. Ne5
Bxe5 28. fxe5 Rd8 29. cxd6 exd6 30. exd6 Qxd6 31. Qxd6 Rxd6 32. Kg2 h5 33. h4
Kh7 34. Be2 Kh6 35. f4 f6 36. Kh3 Rd5 37. g4 hxg4+ 38. Kxg4 g5 39. hxg5+ fxg5
40. fxg5+ Rxg5+ 41. Kf4 Kg6 42. Bd3+ Kf6 43. Bc2 Re5 44. Be4 Rb5 45. Kf3 Ke5
46. Bh7 Rb3+ 47. Kf2 Kf4 48. Bg6 Re3 49. Bh5 Rb3 50. Be2 Rb2 51. Ke1 Ke3 52.
Bd1 Rh2 53. Be2 Rxe2+ 54. Kf1 Ra2 55. Kg1 Kf3 0-1

[Event "DVM U12 2018"]
[Site "Magdeburg GER"]
[Date "2018.12.27"]
[Round "2"]
[White "Hecker, Linus Maximin"]
[Black "Bungarten, Jona"]
[Result "0-1"]
[Termination "normal"]
[Board "7.1"]
[WhiteElo "1388"]
[BlackElo "1609"]
[WhiteTeam "Düsseldorfer SV"]
[BlackTeam "SF Brackel"]
[PlyCount "74"]
[WhiteFideId "16275152"]
[BlackFideId "16223608"]
[EventCountry "GER"]
[EventRounds "7"]
[EventType "team-swiss"]
[EventDate "2018.12.26"]

1. e4 e5 2. Nf3 Nc6 3. Bc4 Nf6 4. Ng5 Bc5 5. Nxf7 Bxf2+ 6. Kxf2 Nxe4+ 7. Ke3
Qh4 8. Qf3 Ng5 9. Nxg5 Qxg5+ 10. Kf2 Rf8 11. Qxf8+ Kxf8 12. d3 Qd8 13. Rf1 d5
14. Ke2+ Kg8 15. Bb3 Bg4+ 16. Kd2 Qg5+ 17. Kc3 Qd8 18. Kd2 Nd4 19. Nc3 Nxb3+
20. axb3 e4 21. d4 c6 22. h3 Bh5 23. g4 Bg6 24. Ne2 Qd6 25. c4 Qb4+ 26. Nc3
Qxb3 27. cxd5 cxd5 28. Ra3 Qc4 29. Ke1 Bf7 30. Bg5 Qxd4 31. Rf5 Qg1+ 32. Rf1
Qg3+ 33. Ke2 Qxh3 34. Rf4 Qd3+ 35. Ke1 Qg3+ 36. Kf1 h6 37. Be7 Qxf4+ 0-1

[Event "DVM U12 2018"]
[Site "Magdeburg GER"]
[Date "2018.12.27"]
[Round "2"]
[White "Tomasjan, Samuel"]
[Black "Hörhager-Celjo, Dino"]
[Result "1-0"]
[Termination "normal"]
[Board "7.2"]
[WhiteElo "1435"]
[BlackElo "1307"]
[WhiteTeam "SF Brackel"]
[BlackTeam "Düsseldorfer SV"]
[PlyCount "153"]
[WhiteFideId "16235584"]
[BlackFideId "16253035"]
[EventCountry "GER"]
[EventRounds "7"]
[EventType "team-swiss"]
[EventDate "2018.12.26"]

1. e4 e6 2. d4 d5 3. exd5 exd5 4. Bd3 Nc6 5. Nf3 Bg4 6. Be3 Nf6 7. O-O Bd6 8.
c3 h6 9. Nbd2 O-O 10. Qc2 Re8 11. Rfe1 Rc8 12. Qb3 Rb8 13. c4 Be6 14. c5 Bf8
15. Bb5 Bd7 16. Bf4 Na5 17. Qa4 Bxb5 18. Qxa5 c6 19. Qxa7 Ra8 20. Qxb7 Re7 21.
Rxe7 Bxe7 22. Re1 Bf8 23. a3 Qa5 24. Ne5 Ra7 25. Qc8 Ne4 26. Nef3 Ra8 27. Qc7
Qa4 28. Nxe4 dxe4 29. Rxe4 Qc2 30. Re1 Qxb2 31. Bc1 Qc3 32. Qf4 Ra4 33. Qd2
Qxd2 34. Bxd2 Rxa3 35. h3 f6 36. Rb1 Rd3 37. Be3 Kf7 38. Nd2 Ke6 39. Ra1 Ke7
40. Ne4 f5 41. Nd6 Ke6 42. Nxb5 cxb5 43. Rb1 f4 44. Bxf4 Rxd4 45. Be3 Rd5 46.
Rxb5 Bd6 47. g3 Kd7 48. Rb7+ Bc7 49. Ra7 Kc6 50. f4 Rd3 51. Kf2 Rd8 52. Ra6+
Kd5 53. Rg6 Rd7 54. c6 Rf7 55. Kf3 Bd8 56. Bd4 Kxd4 57. Rd6+ Kc5 58. Rxd8 Kxc6
59. Ke4 g6 60. Ke5 Re7+ 61. Kf6 Re3 62. Kxg6 Rxg3+ 63. Kxh6 Rxh3+ 64. Kg6 Re3
65. f5 Kc7 66. Rd4 Rg3+ 67. Kf7 Rf3 68. f6 Kc8 69. Ke7 Re3+ 70. Kf8 Rf3 71. f7
Kc7 72. Ke7 Re3+ 73. Kf6 Rf3+ 74. Ke6 Kc8 75. Rd5 Kc7 76. Rf5 Re3+ 77. Kf6 1-0

[Event "DVM U12 2018"]
[Site "Magdeburg GER"]
[Date "2018.12.27"]
[Round "2"]
[White "Voicu, Mihai"]
[Black "Römer, Alois"]
[Result "0-1"]
[Termination "normal"]
[Board "7.3"]
[WhiteElo "1274"]
[BlackElo "1444"]
[WhiteTeam "Düsseldorfer SV"]
[BlackTeam "SF Brackel"]
[PlyCount "92"]
[WhiteFideId "16238168"]
[BlackFideId "16255607"]
[EventCountry "GER"]
[EventRounds "7"]
[EventType "team-swiss"]
[EventDate "2018.12.26"]

1. c4 e6 2. Nc3 d5 3. e3 Nf6 4. d4 c5 5. g3 Be7 6. Bg2 cxd4 7. exd4 O-O 8. c5
Nc6 9. Nge2 b6 10. cxb6 Qxb6 11. a3 Na5 12. b4 Nc4 13. Na4 Qa6 14. Nc5 Bxc5 15.
dxc5 Qb5 16. O-O a5 17. Nc3 Qd7 18. b5 Qc7 19. c6 Re8 20. a4 Qe5 21. Ne2 Qxa1
22. Nd4 Qc3 23. Bg5 Nb2 24. Qd2 Qxd2 25. Bxd2 Nxa4 26. Ra1 Nb6 27. Rxa5 Rxa5
28. Bxa5 Nc4 29. Bc3 e5 30. Nb3 Ne4 31. Bxe4 dxe4 32. Nc5 f5 33. g4 e3 34. fxe3
f4 35. exf4 exf4 36. Na4 g5 37. b6 Nxb6 38. Nxb6 Bxg4 39. c7 Kf7 40. Kg2 Kg6
41. Bb4 Re2+ 42. Kg1 Rc2 43. Bd6 Rc6 44. c8=Q Bxc8 45. Nxc8 Rxc8 46. Kf2 h5 0-1

[Event "DVM U12 2018"]
[Site "Magdeburg GER"]
[Date "2018.12.27"]
[Round "2"]
[White "Römer, Uri"]
[Black "Kovalenko, David"]
[Result "1-0"]
[Termination "normal"]
[Board "7.4"]
[WhiteElo "1098"]
[BlackElo "1246"]
[WhiteTeam "SF Brackel"]
[BlackTeam "Düsseldorfer SV"]
[PlyCount "121"]
[WhiteFideId "16275039"]
[BlackFideId "16275160"]
[EventCountry "GER"]
[EventRounds "7"]
[EventType "team-swiss"]
[EventDate "2018.12.26"]

1. e4 c5 2. Nc3 e6 3. Nf3 a6 4. b3 Nc6 5. Bb2 b5 6. a4 b4 7. Na2 Nf6 8. Bxf6
Qxf6 9. Bd3 Bb7 10. c3 a5 11. O-O Rd8 12. Re1 e5 13. Bb5 g6 14. Bxc6 Bxc6 15.
cxb4 cxb4 16. Nc1 d5 17. exd5 Bxd5 18. Nxe5 Be7 19. Qe2 O-O 20. Rb1 Bd6 21.
Ncd3 Rfe8 22. Ng4 Bxh2+ 23. Kf1 Qc6 24. Qxe8+ Kg7 25. Qxc6 Bxc6 26. Nxh2 Rxd3
27. Rb2 Bb7 28. Re5 Ba6 29. Kg1 Rd6 30. Rxa5 Re6 31. Nf3 h5 32. Re5 Rc6 33. d4
Rc1+ 34. Kh2 Rd1 35. d5 Bb7 36. a5 Bxd5 37. Rd2 Bxf3 38. Rxd1 Bxd1 39. a6 Bxb3
40. a7 f6 41. Rb5 Bc4 42. Rxb4 Bd5 43. Rb8 Kh6 44. a8=Q Bxa8 45. Rxa8 Kg5 46.
Ra4 f5 47. Kh3 h4 48. f3 Kh5 49. Rxh4+ Kg5 50. Ra4 Kh5 51. g4+ Kg5 52. gxf5
gxf5 53. Kg3 f4+ 54. Rxf4 Kh5 55. Rg4 Kh6 56. Kf4 Kh5 57. Rg1 Kh6 58. Kf5 Kh7
59. Kf6 Kh8 60. Kf7 Kh7 61. Rh1# 1-0

[Event "DVM U12 2018"]
[Site "Magdeburg GER"]
[Date "2018.12.27"]
[Round "2"]
[White "Fischer, Darja"]
[Black "Feng, Felix"]
[Result "0-1"]
[Termination "normal"]
[Board "8.1"]
[WhiteElo "1442"]
[BlackElo "1430"]
[WhiteTeam "Karlsruher SF"]
[BlackTeam "SF Neuberg"]
[PlyCount "108"]
[WhiteFideId "16240898"]
[BlackFideId "16275179"]
[EventCountry "GER"]
[EventRounds "7"]
[EventType "team-swiss"]
[EventDate "2018.12.26"]

1. e4 c5 2. Nf3 d6 3. d4 cxd4 4. Nxd4 Nf6 5. Nc3 g6 6. Be2 Bg7 7. O-O O-O 8.
Re1 Nc6 9. Be3 a6 10. h3 Bd7 11. Qd2 Re8 12. Rad1 b5 13. a3 Rc8 14. Bf3 Ne5 15.
Bf4 Nc4 16. Qc1 e5 17. Bh2 exd4 18. Rxd4 Ng4 19. Rd3 Nxh2 20. Kxh2 Ne5 21. Rdd1
Nxf3+ 22. gxf3 Qh4 23. Qe3 Qxh3+ 24. Kg1 Bh6 25. f4 Qxe3 26. fxe3 Bc6 27. Rxd6
Bxe4 28. Rxa6 Bxc2 29. Kf2 Bd3 30. Rb6 Rc5 31. Rd1 Bc4 32. Kf3 Bg7 33. Rc1 Bxc3
34. Rxc3 Bd5+ 35. Ke2 Rxc3 36. bxc3 Bc4+ 37. Kf3 Ra8 38. Ke4 Rxa3 39. Kd4 h5
40. f5 Kg7 41. fxg6 fxg6 42. e4 h4 43. Ke3 Rxc3+ 44. Kf2 Rc2+ 45. Kg1 h3 46.
Rd6 b4 47. e5 b3 48. Rd7+ Kf8 49. Rd1 b2 50. e6 Rc1 51. e7+ Kxe7 52. Rxc1
bxc1=Q+ 53. Kh2 Qf4+ 54. Kxh3 Bf1# 0-1

[Event "DVM U12 2018"]
[Site "Magdeburg GER"]
[Date "2018.12.27"]
[Round "2"]
[White "Eull, Emil"]
[Black "Kiefhaber, Julius"]
[Result "1/2-1/2"]
[Termination "normal"]
[Board "8.2"]
[WhiteElo "1526"]
[BlackElo "1417"]
[WhiteTeam "SF Neuberg"]
[BlackTeam "Karlsruher SF"]
[PlyCount "45"]
[WhiteFideId "16253809"]
[BlackFideId "16245121"]
[EventCountry "GER"]
[EventRounds "7"]
[EventType "team-swiss"]
[EventDate "2018.12.26"]

1. e4 c5 2. Nf3 Nc6 3. d4 cxd4 4. Nxd4 g6 5. Nc3 Bg7 6. Be3 Nf6 7. f4 d5 8. e5
Nd7 9. Bb5 Nxd4 10. Qxd4 e6 11. O-O-O a6 12. Be2 b5 13. h4 Bb7 14. h5 Rc8 15.
hxg6 fxg6 16. Bf2 Nc5 17. Qe3 Qc7 18. Qxc5 Qxc5 19. Bxc5 Rxc5 20. Bf3 Ke7 21.
g3 h6 22. a4 d4 23. Ne4 1/2-1/2

[Event "DVM U12 2018"]
[Site "Magdeburg GER"]
[Date "2018.12.27"]
[Round "2"]
[White "Hoffmann, Alexander"]
[Black "Kaiser, Jason"]
[Result "0-1"]
[Termination "normal"]
[Board "8.3"]
[WhiteElo "1392"]
[BlackElo "1254"]
[WhiteTeam "Karlsruher SF"]
[BlackTeam "SF Neuberg"]
[PlyCount "138"]
[WhiteFideId "16240219"]
[BlackFideId "16275187"]
[EventCountry "GER"]
[EventRounds "7"]
[EventType "team-swiss"]
[EventDate "2018.12.26"]

1. e4 d5 2. exd5 Qxd5 3. Nc3 Qa5 4. Nf3 c6 5. d4 Nf6 6. Bg5 Nd5 7. Bd2 Nxc3 8.
Bxc3 Qc7 9. Bc4 Bf5 10. Ne5 e6 11. O-O Bd6 12. Re1 Qe7 13. Nf3 Nd7 14. Bd2
O-O-O 15. d5 Nb6 16. Bb3 cxd5 17. a3 Qf6 18. Bg5 Qxb2 19. Qd2 Nc4 20. Bxc4 dxc4
21. Bxd8 Rxd8 22. Qe2 Qxc2 23. Qxc2 Bxc2 24. Rac1 Bd3 25. Red1 Kb8 26. Ne1 Bxa3
27. Ra1 Bb4 28. Nxd3 Rxd3 29. Rdc1 b5 30. Rab1 a5 31. Rc2 Kc7 32. Kf1 Kc6 33.
Ke2 Kc5 34. Rd1 Rxd1 35. Kxd1 a4 36. Re2 Ba5 37. Kc2 Kb4 38. Kb2 a3+ 39. Ka2
Ka4 40. Re4 Bb6 41. f3 Kb4 42. Re2 Bc5 43. Rc2 c3 44. Re2 Kc4 45. Re5 c2 46.
Re1 Kc3 47. Re5 c1=Q 48. Rxc5+ Kd2 49. Rxc1 Kxc1 50. Kxa3 Kd2 51. Kb4 Ke3 52.
Kxb5 Kf2 53. f4 Kxg2 54. h4 Kg3 55. Kc5 Kxf4 56. Kd4 Kg4 57. Ke4 f6 58. Ke3
Kxh4 59. Kf2 g5 60. Kg2 g4 61. Kh2 f5 62. Kg2 f4 63. Kf2 Kh3 64. Kg1 e5 65. Kh1
e4 66. Kg1 e3 67. Kf1 f3 68. Kg1 Kg3 69. Kh1 e2 0-1

[Event "DVM U12 2018"]
[Site "Magdeburg GER"]
[Date "2018.12.27"]
[Round "2"]
[White "Ruppel, Felix"]
[Black "Liu, Leon"]
[Result "0-1"]
[Termination "normal"]
[Board "8.4"]
[WhiteElo "1004"]
[BlackElo "1095"]
[WhiteTeam "SF Neuberg"]
[BlackTeam "Karlsruher SF"]
[PlyCount "52"]
[WhiteFideId "16275195"]
[BlackFideId "16275047"]
[EventCountry "GER"]
[EventRounds "7"]
[EventType "team-swiss"]
[EventDate "2018.12.26"]

1. e4 e5 2. Nf3 Nc6 3. Bc4 Bc5 4. c3 Nf6 5. d3 d6 6. a4 a5 7. O-O O-O 8. Bg5 h6
9. Bh4 Bg4 10. h3 Bh5 11. g4 Bg6 12. Nbd2 Ne7 13. Re1 Re8 14. Nf1 c6 15. Ng3 d5
16. exd5 Nexd5 17. Nxe5 Qb6 18. Rb1 Bxf2+ 19. Kf1 Bxe1 20. Qxe1 Ne3+ 21. Kf2
Rxe5 22. d4 Nexg4+ 23. hxg4 Rxe1 24. Rxe1 Qxb2+ 25. Ne2 Nxg4+ 26. Kf3 h5 0-1

[Event "DVM U12 2018"]
[Site "Magdeburg GER"]
[Date "2018.12.27"]
[Round "2"]
[White "Öz, Mert"]
[Black "Schwartz, Oliver"]
[Result "0-1"]
[Termination "normal"]
[Board "9.1"]
[WhiteElo "1311"]
[BlackElo "1603"]
[WhiteTeam "SK Bebenhausen"]
[BlackTeam "SC Ostfildern"]
[PlyCount "66"]
[WhiteFideId "16255704"]
[BlackFideId "16207459"]
[EventCountry "GER"]
[EventRounds "7"]
[EventType "team-swiss"]
[EventDate "2018.12.26"]

1. e4 c5 2. Nf3 Nc6 3. d4 cxd4 4. c3 dxc3 5. Nxc3 e6 6. Bc4 Qc7 7. Qe2 Nf6 8.
O-O Ng4 9. Rd1 Bc5 10. Be3 Nxe3 11. fxe3 O-O 12. Rac1 a6 13. a3 b5 14. Ba2 Bb6
15. Nd5 exd5 16. exd5 Qa7 17. dxc6 Bxe3+ 18. Kh1 Bxc1 19. Rxc1 dxc6 20. Qd3 Qd7
21. Qc2 Bb7 22. Rf1 Qe7 23. Re1 Qf6 24. Ne5 Rae8 25. Qe4 c5 26. Nd7 Bxe4 27.
Nxf6+ gxf6 28. Rc1 Bb7 29. h3 Re2 30. Rg1 Rd8 31. Kh2 Rdd2 32. Kg3 Rxg2+ 33.
Rxg2 Rxg2+ 0-1

[Event "DVM U12 2018"]
[Site "Magdeburg GER"]
[Date "2018.12.27"]
[Round "2"]
[White "Chugunov, Ivan"]
[Black "Andrei, Quentin"]
[Result "1-0"]
[Termination "normal"]
[Board "9.2"]
[WhiteElo "1359"]
[BlackElo "1219"]
[WhiteTeam "SC Ostfildern"]
[BlackTeam "SK Bebenhausen"]
[PlyCount "97"]
[WhiteFideId "16256808"]
[BlackFideId "16255712"]
[EventCountry "GER"]
[EventRounds "7"]
[EventType "team-swiss"]
[EventDate "2018.12.26"]

1. e4 e6 2. d4 d5 3. exd5 exd5 4. c4 c6 5. Nc3 Nf6 6. Bg5 Be7 7. Nf3 O-O 8. Be2
Bf5 9. cxd5 cxd5 10. Qd2 Nbd7 11. O-O-O Rc8 12. Nh4 Be6 13. Nf3 Qc7 14. h4 Bb4
15. Kc2 Ne4 16. Bf4 Qa5 17. Qe1 Bxc3 18. bxc3 Rxc3+ 19. Kb1 Qb6+ 20. Ka1 Rfc8
21. Rb1 Qa5 22. Bd2 Nxd2 23. Qxd2 Qa3 24. Ne1 Rc1 25. Bd1 Bf5 26. Bc2 Rxb1+ 27.
Bxb1 Rc1 28. Nc2 Rxh1 29. Nxa3 Nb6 30. Qe3 h6 31. g4 Nc4 32. Qe8+ Kh7 33. gxf5
Nxa3 34. Kb2 Nc4+ 35. Kc3 Rc1+ 36. Bc2 Na3 37. Kb2 Rxc2+ 38. Kxa3 Rxf2 39. Qxf7
Rf3+ 40. Kb4 Rf1 41. Qxd5 Rb1+ 42. Kc3 Rb6 43. Qe4 Rc6+ 44. Kd3 g6 45. h5 Ra6
46. fxg6+ Kg7 47. Qe7+ Kg8 48. Qf7+ Kh8 49. Qf8# 1-0

[Event "DVM U12 2018"]
[Site "Magdeburg GER"]
[Date "2018.12.27"]
[Round "2"]
[White "Weide, Julian"]
[Black "Walter, Romeo"]
[Result "0-1"]
[Termination "normal"]
[Board "9.3"]
[WhiteElo "1301"]
[BlackElo "1268"]
[WhiteTeam "SK Bebenhausen"]
[BlackTeam "SC Ostfildern"]
[PlyCount "116"]
[WhiteFideId "16275209"]
[BlackFideId "16275055"]
[EventCountry "GER"]
[EventRounds "7"]
[EventType "team-swiss"]
[EventDate "2018.12.26"]

1. e4 e6 2. d4 d5 3. e5 c5 4. Nf3 Nc6 5. Nc3 a6 6. a3 Bd7 7. Rb1 b5 8. Be2 Qb6
9. Be3 cxd4 10. Nxd4 Nxd4 11. Bxd4 Bc5 12. Bxc5 Qxc5 13. O-O d4 14. Ne4 Qxe5
15. Bf3 Rd8 16. Qd2 Nf6 17. Rfe1 Bc8 18. Qb4 Nxe4 19. Bxe4 Qd6 20. Qd2 e5 21.
Qg5 Qf6 22. Qh5 g6 23. Qxe5+ Qxe5 24. Bc6+ Ke7 25. Rxe5+ Kd6 26. Re4 Kxc6 27.
Rd1 Rhe8 28. Rh4 h5 29. h3 Re5 30. c3 d3 31. Rd4 Rxd4 32. cxd4 Re2 33. b4 d2
34. Kf1 Re1+ 35. Rxe1 dxe1=Q+ 36. Kxe1 Kd5 37. Kd2 Kxd4 38. Kc2 Be6 39. Kb2 Kd3
40. f3 f5 41. f4 Ke4 42. Kc3 Kxf4 43. Kd4 Kg3 44. Kc5 Kxg2 45. Kb6 Bc8 46. Kc7
f4 47. Kxc8 f3 48. Kb7 f2 49. Kxa6 f1=Q 50. Ka5 Qa1 51. Kxb5 Qxa3 52. h4 Kg3
53. Kc6 Qxb4 54. Kd5 Kxh4 55. Ke5 g5 56. Ke6 Qc5 57. Kf6 Qd5 58. Kg7 Qf5 0-1

[Event "DVM U12 2018"]
[Site "Magdeburg GER"]
[Date "2018.12.27"]
[Round "2"]
[White "Zimanovic, Leon Daniel"]
[Black "Kauth, Lukas Michael"]
[Result "0-1"]
[Termination "normal"]
[Board "9.4"]
[WhiteElo "1173"]
[BlackElo "855"]
[WhiteTeam "SC Ostfildern"]
[BlackTeam "SK Bebenhausen"]
[PlyCount "85"]
[WhiteFideId "16275063"]
[BlackFideId "16272994"]
[EventCountry "GER"]
[EventRounds "7"]
[EventType "team-swiss"]
[EventDate "2018.12.26"]

1. e4 c5 2. Bc4 Nc6 3. Nf3 g6 4. d3 Bg7 5. Ng5 e6 6. Be3 b5 7. Bb3 Bxb2 8. Qf3
Qf6 9. Qd1 Bxa1 10. O-O Bd4 11. Qg4 Ne5 12. Qh4 h6 13. Qg3 Bxe3 14. fxe3 Qxg5
15. Qf2 f5 16. Nd2 a5 17. a3 Ng4 18. Qf3 Qxe3+ 19. Qxe3 Nxe3 20. Rf2 Ne7 21.
Nf3 b4 22. axb4 axb4 23. Re2 f4 24. Ne5 Ra1+ 25. Re1 Rxe1+ 26. Kf2 Rf1+ 27. Ke2
O-O 28. g3 fxg3 29. hxg3 N3f5 30. Kxf1 Nd4+ 31. Ke1 Nxb3 32. cxb3 Ba6 33. Ke2
d5 34. Nd7 Rc8 35. Nf6+ Kf7 36. Nd7 c4 37. dxc4 dxc4 38. Ne5+ Ke8 39. Kd2 cxb3
40. g4 b2 41. g5 hxg5 42. Nxg6 b1=Q 43. e5 0-1

[Event "DVM U12 2018"]
[Site "Magdeburg GER"]
[Date "2018.12.27"]
[Round "2"]
[White "Lenz, Joshua"]
[Black "Mainka, Ingmar"]
[Result "1-0"]
[Termination "normal"]
[Board "10.1"]
[WhiteElo "1580"]
[BlackElo "1190"]
[WhiteTeam "SV Turm Lahnstein"]
[BlackTeam "DJK Arminia Eilendorf"]
[PlyCount "65"]
[WhiteFideId "16256956"]
[BlackFideId "16254937"]
[EventCountry "GER"]
[EventRounds "7"]
[EventType "team-swiss"]
[EventDate "2018.12.26"]

1. e4 e5 2. Bc4 Nf6 3. d4 Nxe4 4. dxe5 Ng5 5. Nc3 Bb4 6. Bd2 Nc6 7. f4 Ne6 8.
Nf3 d6 9. Nd5 Bxd2+ 10. Qxd2 Bd7 11. O-O-O dxe5 12. fxe5 Ne7 13. h4 Nxd5 14.
Bxd5 c6 15. Bb3 Qc7 16. Qf2 Qb6 17. Qxb6 axb6 18. Rd6 Nc5 19. Nd4 Ne4 20. Bxf7+
Kxf7 21. Rxd7+ Kg6 22. h5+ Kh6 23. a3 Rad8 24. Rxd8 Rxd8 25. Nf5+ Kg5 26. Nxg7
Rg8 27. h6 Ng3 28. Rh3 Nf5 29. Rh5+ Kg6 30. Rxf5 Kxh6 31. Ne6 Rxg2 32. Rf6+ Kh5
33. Nf4+ 1-0

[Event "DVM U12 2018"]
[Site "Magdeburg GER"]
[Date "2018.12.27"]
[Round "2"]
[White "Korr, Sören"]
[Black "Meuer, David"]
[Result "0-1"]
[Termination "normal"]
[Board "10.2"]
[WhiteElo "1143"]
[BlackElo "1618"]
[WhiteTeam "DJK Arminia Eilendorf"]
[BlackTeam "SV Turm Lahnstein"]
[PlyCount "88"]
[WhiteFideId "16275241"]
[BlackFideId "16262964"]
[EventCountry "GER"]
[EventRounds "7"]
[EventType "team-swiss"]
[EventDate "2018.12.26"]

1. e4 e6 2. d4 d5 3. exd5 exd5 4. Bf4 Nf6 5. Bd3 Be7 6. Ne2 O-O 7. Nbc3 Bg4 8.
Qd2 Re8 9. O-O-O Nbd7 10. f3 Be6 11. h4 Nf8 12. g4 a6 13. Rdg1 b5 14. h5 N6d7
15. g5 g6 16. hxg6 fxg6 17. Be3 Nb6 18. f4 Nc4 19. Bxc4 bxc4 20. Ng3 Qc8 21.
Qf2 c6 22. f5 Bf7 23. Rf1 a5 24. Na4 Rb8 25. Bf4 Rb4 26. Nc3 a4 27. Be5 Bxg5+
28. Kb1 Qb7 29. fxg6 Bxg6 30. Nf5 Rxb2+ 31. Ka1 a3 32. Rb1 Rd8 33. Qh2 Ne6 34.
Qh3 Nf8 35. Nh6+ Bxh6 36. Qxh6 Rd7 37. Na4 Rxb1+ 38. Rxb1 Qa7 39. Rb8 Rf7 40.
Nc3 Rf1+ 41. Nb1 Bxc2 42. Qg5+ Bg6 43. Qg2 Qxb8 44. Qxf1 Qb2# 0-1

[Event "DVM U12 2018"]
[Site "Magdeburg GER"]
[Date "2018.12.27"]
[Round "2"]
[White "Werling, Lasse"]
[Black "Sassenscheidt, Julius"]
[Result "1-0"]
[Termination "normal"]
[Board "10.3"]
[WhiteElo "1180"]
[BlackElo "1034"]
[WhiteTeam "SV Turm Lahnstein"]
[BlackTeam "DJK Arminia Eilendorf"]
[PlyCount "102"]
[WhiteFideId "16275080"]
[BlackFideId "16258509"]
[EventCountry "GER"]
[EventRounds "7"]
[EventType "team-swiss"]
[EventDate "2018.12.26"]

1. e4 e6 2. d4 d5 3. Nc3 Bb4 4. exd5 exd5 5. Nge2 Nc6 6. g3 Nge7 7. Bg2 O-O 8.
O-O Bg4 9. Re1 Re8 10. f3 Bf5 11. a3 Ba5 12. b4 Bb6 13. b5 Na5 14. Nf4 Nc4 15.
Ncxd5 Nxd5 16. Rxe8+ Qxe8 17. Nxd5 Qd7 18. f4 c6 19. bxc6 bxc6 20. Nxb6 axb6
21. d5 cxd5 22. Qxd5 Qxd5 23. Bxd5 Rc8 24. Ra2 b5 25. c3 Nd6 26. Bd2 Be6 27.
Bxe6 fxe6 28. a4 bxa4 29. Rxa4 Kf7 30. Kf2 Kf6 31. g4 h6 32. h4 e5 33. fxe5+
Kxe5 34. Bf4+ Ke6 35. Ra6 Rf8 36. Rxd6+ Ke7 37. Rd4 g5 38. hxg5 hxg5 39. Ke3
gxf4+ 40. Rxf4 Rc8 41. c4 Ke6 42. g5 Rg8 43. Kd4 Rxg5 44. Re4+ Kd6 45. Rf4 Re5
46. Rf6+ Re6 47. c5+ Kd7 48. Rxe6 Kxe6 49. Kc4 Kd7 50. Kd5 Kc7 51. c6 Kd8 1-0

[Event "DVM U12 2018"]
[Site "Magdeburg GER"]
[Date "2018.12.27"]
[Round "2"]
[White "Klein, Emil"]
[Black "Samtleben, Christian"]
[Result "1-0"]
[Termination "normal"]
[Board "10.4"]
[WhiteElo "1043"]
[BlackElo "1141"]
[WhiteTeam "DJK Arminia Eilendorf"]
[BlackTeam "SV Turm Lahnstein"]
[PlyCount "77"]
[WhiteFideId "16275268"]
[BlackFideId "16275098"]
[EventCountry "GER"]
[EventRounds "7"]
[EventType "team-swiss"]
[EventDate "2018.12.26"]

1. e4 e6 2. d4 d5 3. exd5 exd5 4. Qe2+ Be6 5. Nc3 Nc6 6. Nf3 Nf6 7. Bg5 Be7 8.
Qe3 Nb4 9. Qd2 h6 10. Bh4 Qd7 11. Ne5 Qd6 12. Bg3 Qb6 13. a3 Nc6 14. Nxc6 Qxc6
15. Bb5 Qxb5 16. Nxb5 O-O 17. Nxc7 Rac8 18. Nxe6 fxe6 19. Bh4 Ne4 20. Qa5 Bxh4
21. g3 Bf6 22. f3 Ng5 23. f4 Nf3+ 24. Kf2 Nxd4 25. c3 e5 26. cxd4 Rc2+ 27. Kf1
b6 28. Qxd5+ Rf7 29. dxe5 Rc5 30. Qa2 Bxe5 31. Rd1 Bc7 32. Rd7 Rc1+ 33. Kg2
Rc2+ 34. Kh3 Be5 35. Qxf7+ Kh7 36. fxe5 Rxb2 37. Qf5+ Kg8 38. Qf7+ Kh7 39.
Qxg7# 1-0

[Event "DVM U12 2018"]
[Site "Magdeburg GER"]
[Date "2018.12.28"]
[Round "3"]
[White "Nitsche, Nikolai"]
[Black "Garner, Isaac"]
[Result "1-0"]
[Termination "normal"]
[Board "1.1"]
[WhiteElo "1695"]
[BlackElo "1852"]
[WhiteClock "00:31:44"]
[BlackClock "00:03:00"]
[WhiteTeam "SV Empor Berlin"]
[BlackTeam "Hamburger SK"]
[PlyCount "93"]
[WhiteFideId "16221036"]
[BlackFideId "16239261"]
[EventCountry "GER"]
[EventRounds "7"]
[EventType "team-swiss"]
[EventDate "2018.12.26"]

1. e4 {[%clk 1:30:46]} c5 {[%clk 1:30:52]} 2. Nf3 {[%clk 1:31:11]} e6 {[%clk
1:31:12]} 3. c4 {[%clk 1:31:35]} Nc6 {[%clk 1:31:18]} 4. Nc3 {[%clk 1:32:00]}
Nd4 {[%clk 1:30:51]} 5. Nxd4 {[%clk 1:31:44]} cxd4 {[%clk 1:31:02]} 6. Ne2
{[%clk 1:32:07]} e5 {[%clk 1:30:28]} 7. Ng3 {[%clk 1:32:14]} g6 {[%clk
1:15:17]} 8. Bd3 {[%clk 1:32:16]} Bg7 {[%clk 1:03:15]} 9. Bc2 {[%clk 1:31:30]}
Nf6 {[%clk 0:57:16]} 10. d3 {[%clk 1:30:01]} O-O {[%clk 0:55:15]} 11. O-O
{[%clk 1:29:44]} d6 {[%clk 0:50:53]} 12. b4 {[%clk 1:25:07]} a5 {[%clk
0:43:21]} 13. a4 {[%clk 1:23:35]} Nd7 {[%clk 0:36:10]} 14. f4 {[%clk 1:09:26]}
axb4 {[%clk 0:30:06]} 15. Bd2 {[%clk 1:09:23]} Nc5 {[%clk 0:27:15]} 16. Bxb4
{[%clk 1:08:48]} exf4 {[%clk 0:20:43]} 17. Rxf4 {[%clk 1:08:03]} Be5 {[%clk
0:20:40]} 18. Rf2 {[%clk 1:07:52]} Qh4 {[%clk 0:19:47]} 19. Nf1 {[%clk
1:07:00]} Ne6 {[%clk 0:17:19]} 20. Bd2 {[%clk 1:02:11]} f5 {[%clk 0:12:01]} 21.
Qe1 {[%clk 0:57:28]} f4 {[%clk 0:10:32]} 22. g3 {[%clk 0:54:23]} Qh3 {[%clk
0:09:03]} 23. Bd1 {[%clk 0:52:33]} Bd7 {[%clk 0:08:08]} 24. gxf4 {[%clk
0:50:00]} Nxf4 {[%clk 0:07:55]} 25. Bxf4 {[%clk 0:49:55]} Bxf4 {[%clk 0:08:02]}
26. Rf3 {[%clk 0:48:50]} Be3+ {[%clk 0:07:44]} 27. Nxe3 Rxf3 {[%clk 0:08:06]}
28. Bxf3 {[%clk 0:48:22]} Qxf3 {[%clk 0:08:25]} 29. Nd5 {[%clk 0:47:32]} Rf8
{[%clk 0:06:37]} 30. Qf1 {[%clk 0:45:43]} Qxf1+ 31. Rxf1 {[%clk 0:46:08]} Rxf1+
{[%clk 0:06:46]} 32. Kxf1 {[%clk 0:46:34]} Bxa4 {[%clk 0:06:56]} 33. Nb6 {[%clk
0:33:59]} Bc6 {[%clk 0:06:32]} 34. Nc8 {[%clk 0:34:06]} Kf7 {[%clk 0:04:39]}
35. Nxd6+ {[%clk 0:34:25]} Ke6 {[%clk 0:04:55]} 36. Nc8 {[%clk 0:33:35]} Ke5
{[%clk 0:02:57]} 37. Nb6 {[%clk 0:32:37]} h5 {[%clk 0:02:05]} 38. Kf2 {[%clk
0:32:14]} Kf4 {[%clk 0:01:43]} 39. Nd5+ {[%clk 0:30:27]} Bxd5 {[%clk 0:00:54]}
40. exd5 {[%clk 0:30:52]} Ke5 {[%clk 0:01:20]} 41. h4 {[%clk 0:31:15]} b5
{[%clk 0:01:41]} 42. cxb5 {[%clk 0:31:22]} Kxd5 {[%clk 0:01:54]} 43. Kf3 {[%clk
0:31:16]} Kc5 {[%clk 0:02:21]} 44. Ke4 {[%clk 0:30:56]} Kxb5 {[%clk 0:02:12]}
45. Kxd4 {[%clk 0:31:17]} Kc6 {[%clk 0:02:39]} 46. Ke5 {[%clk 0:31:40]} Kd7
{[%clk 0:03:00]} 47. Kf6 {[%clk 0:31:44]} 1-0